|
|
|
|
| LEADER |
00000nab a2200000 a 4500 |
| 001 |
vtls001489840 |
| 003 |
SK-MaSNL |
| 005 |
20260304144354.0 |
| 008 |
250505c2003 xo mr|p|||||||000 b|slo |
| 015 |
|
|
|a SNBRB2005/01
|2 snkbucl
|
| 035 |
|
|
|a (uuid)c5f6ecfb-3be0-4e27-b760-f5546dc95999
|
| 035 |
|
|
|a urn:nbn:sk:snk-abby9b
|
| 035 |
|
|
|a (urnnbn)urn:nbn:sk:snk:ar-003y8v
|
| 038 |
|
|
|a SNKBUCL
|
| 040 |
|
|
|a SNKBUCL
|b slo
|c SNKBUCL
|e AACR2
|
| 041 |
0 |
|
|a slo
|
| 044 |
|
|
|a xo
|c SK
|
| 080 |
|
|
|a 821.162.4-1
|2 1997
|
| 100 |
1 |
|
|a Ottingerová, Jana
|4 aut
|9 1465926
|
| 245 |
1 |
0 |
|a Nadpis mi zmyl dážď
|b To isté?
|c Jana Ottingerová
|
| 650 |
0 |
7 |
|a lyrické básne, slovenské
|2 snkbucl
|9 28980
|
| 740 |
0 |
2 |
|a To isté?
|
| 773 |
0 |
|
|t Dotyky
|g Roč. XV, č. 3-4 (2003)
|g S. 157
|x 1210-2210
|
| 773 |
0 |
|
|t Almanach 25
|g Roč. XV, č. 3-4 (2003)
|g S. 157
|x 1210-2210
|
| 850 |
|
|
|a Slovenská národná knižnica
|
| 852 |
|
|
|a Slovenská národná knižnica
|
| 958 |
|
|
|a article15
|
| 958 |
|
|
|a OND
|
| 958 |
|
|
|a LX
|
| 958 |
|
|
|a EUIPO
|
| 999 |
|
|
|c 2930938
|d 2932868
|